[Event "Club 608-Franconville"]
[Site "Franconville"]
[Date "2008.03.16"]
[Round "9.1"]
[White "Carlhammar, Magnus"]
[Black "Debray, Christopher"]
[Result "1/2-1/2"]
[WhiteElo "2335"]
[BlackElo "2362"]
[PlyCount "58"]
[EventDate "2008.03.16"]
[SourceDate "2007.10.24"]

1. Nf3 Nf6 2. g3 d5 3. Bg2 e6 4. O-O Be7 5. d4 O-O 6. c4 dxc4 7. Qc2 a6 8. Qxc4
b5 9. Qc2 Bb7 10. Bf4 Nc6 11. Rd1 Nb4 12. Qc1 Qc8 13. Bg5 h6 14. Bxf6 Bxf6 15.
Nbd2 Rd8 16. Nb3 Rb8 17. a3 Nd5 18. Qc2 Nb6 19. Na5 Ba8 20. Rac1 Nc4 21. Nxc4
bxc4 22. Qxc4 Rxb2 23. e3 Bd5 24. Qxc7 Qxc7 25. Rxc7 Ra2 26. Rdc1 Rxa3 27. Ne5
Bxe5 28. dxe5 Bxg2 29. Kxg2 Rd2 1/2-1/2

[Event "Club 608-Franconville"]
[Site "Franconville"]
[Date "2008.03.16"]
[Round "9.2"]
[White "Jacquet, Francois"]
[Black "Sohier, Julien"]
[Result "1-0"]
[WhiteElo "2220"]
[BlackElo "2272"]
[PlyCount "47"]
[EventDate "2008.03.16"]
[SourceDate "2007.10.24"]

1. e4 e6 2. d4 d5 3. Nc3 Bb4 4. e5 c5 5. a3 Bxc3+ 6. bxc3 Ne7 7. Qg4 O-O 8. Bd3
Qa5 9. Bd2 Nbc6 10. Nf3 f5 11. exf6 Rxf6 12. Qh5 Nf5 13. c4 Qa4 14. cxd5 exd5
15. O-O Ncxd4 16. Nxd4 Qxd4 17. Bg5 Rf7 18. Rad1 Qa4 19. Rfe1 c4 20. Bf1 Bd7
21. Rxd5 Qc6 22. Rxd7 Qxd7 23. Bxc4 h6 24. Be7 1-0

[Event "Club 608-Franconville"]
[Site "Franconville"]
[Date "2008.03.16"]
[Round "9.3"]
[White "De Marchi, Olivier"]
[Black "Appendino, Jerome"]
[Result "1/2-1/2"]
[WhiteElo "2213"]
[BlackElo "2182"]
[PlyCount "96"]
[EventDate "2008.03.16"]
[SourceDate "2007.10.24"]

1. d4 d5 2. c4 c6 3. Nc3 Nf6 4. e3 a6 5. Nf3 b5 6. b3 Bg4 7. h3 Bxf3 8. gxf3 e6
9. c5 e5 10. dxe5 Nfd7 11. f4 Nxc5 12. Bb2 Nbd7 13. Bg2 a5 14. a3 a4 15. b4 Nb3
16. Rb1 Nb6 17. Qc2 Rc8 18. O-O Nc4 19. Rfd1 Qc7 20. e4 dxe4 21. Nxa4 Nbd2 22.
Rxd2 Nxd2 23. Qxd2 bxa4 24. Bxe4 Be7 25. Qc2 g6 26. Qxa4 O-O 27. Rc1 c5 28. b5
c4 29. Bd4 Qd7 30. Rxc4 Rxc4 31. Qxc4 Bxa3 32. Kg2 Rc8 33. Bc6 Qf5 34. Be3 g5
35. fxg5 Qxe5 36. Qg4 Rd8 37. b6 Bd6 38. b7 Bb8 39. Qc8 Qc7 40. Qxc7 Bxc7 41.
Ba7 Kg7 42. Be4 h6 43. gxh6+ Kxh6 44. Bf5 Kg5 45. Bc8 Rd3 46. Be3+ Kf6 47. Kf3
Rb3 48. Ke4 Rb5 1/2-1/2

[Event "Club 608-Franconville"]
[Site "Franconville"]
[Date "2008.03.16"]
[Round "9.4"]
[White "Barthes, Christian"]
[Black "Metral, Jean Paul"]
[Result "0-1"]
[WhiteElo "2124"]
[BlackElo "2198"]
[PlyCount "104"]
[EventDate "2008.03.16"]
[SourceDate "2007.10.24"]

1. Nf3 c5 2. c4 Nc6 3. g3 Nf6 4. Bg2 g6 5. O-O Bg7 6. Re1 O-O 7. Nc3 d5 8. cxd5
Nxd5 9. Qb3 Ndb4 10. a3 Na5 11. Qd1 Nbc6 12. Rb1 c4 13. d3 cxd3 14. exd3 Bf5
15. Ne4 b6 16. b4 Nb7 17. Bb2 Rc8 18. Bxg7 Kxg7 19. Re3 Rc7 20. Qb3 Be6 21.
Qb2+ Kg8 22. Neg5 Bd5 23. Nh3 Bxf3 24. Bxf3 Nd4 25. Bd1 Qd7 26. Nf4 Rfc8 27. h4
Nf5 28. Re2 Nd4 29. Re5 e6 30. Re4 Rc3 31. a4 Qd6 32. Qd2 e5 33. Ng2 f5 34. Re3
Nd8 35. Ne1 N8e6 36. Nf3 Nxf3+ 37. Bxf3 f4 38. gxf4 exf4 39. Re4 Rc2 40. Qe1
Nd4 41. Bd1 R2c7 42. Bg4 Rf8 43. Rc1 Rxc1 44. Qxc1 Qxb4 45. Qa1 Rd8 46. Be6+
Kh8 47. Rxf4 Qd6 48. Re4 h6 49. Bc4 Kh7 50. Qd1 Rf8 51. Qg4 Nf3+ 52. Kf1 Nh2+
0-1

[Event "Club 608-Franconville"]
[Site "Franconville"]
[Date "2008.03.16"]
[Round "9.5"]
[White "Eche, Sylvain"]
[Black "Moncaubeig, Bruno"]
[Result "1-0"]
[WhiteElo "2186"]
[BlackElo "2136"]
[PlyCount "59"]
[EventDate "2008.03.16"]
[SourceDate "2007.10.24"]

1. e4 e5 2. Nf3 Nc6 3. d4 exd4 4. Bc4 Nf6 5. e5 d5 6. Bb5 Ne4 7. Nxd4 Bd7 8.
Bxc6 bxc6 9. O-O Qh4 10. Be3 Be7 11. f3 Ng5 12. f4 Ne4 13. Nd2 Bg4 14. N2f3 Qh6
15. Qd3 c5 16. Nb5 Qc6 17. Nxc7+ Qxc7 18. Qxd5 Rb8 19. Qxe4 Rxb2 20. f5 Rb4 21.
c4 Bxf3 22. Rxf3 Qb7 23. Qg4 g6 24. f6 h5 25. Qf4 Bf8 26. e6 Bh6 27. Qe5 Bxe3+
28. Rxe3 Rb2 29. exf7+ Kxf7 30. Qe6+ 1-0

[Event "Club 608-Franconville"]
[Site "Franconville"]
[Date "2008.03.16"]
[Round "9.6"]
[White "Abouan, Stephane"]
[Black "Stoenescu, Radu"]
[Result "1-0"]
[WhiteElo "2038"]
[BlackElo "2149"]
[PlyCount "97"]
[EventDate "2008.03.16"]
[SourceDate "2007.10.24"]

1. e4 c5 2. Nf3 d6 3. d4 cxd4 4. Qxd4 Nc6 5. Bb5 Bd7 6. Bxc6 bxc6 7. c4 Qb6 8.
Be3 c5 9. Qd2 Rb8 10. b3 g6 11. Nc3 Qb4 12. Nd5 Qxd2+ 13. Bxd2 Bg7 14. Bc3
Bxc3+ 15. Nxc3 f6 16. O-O Nh6 17. Nd2 g5 18. Nd5 Nf7 19. f4 gxf4 20. Rxf4 Ne5
21. Nf3 Nxf3+ 22. Rxf3 Kf7 23. Raf1 a5 24. Re3 Bc6 25. Rff3 Rb7 26. Kf2 a4 27.
Ke2 Rg8 28. Kf2 Ra8 29. g4 h6 30. h4 axb3 31. axb3 Rg8 32. Rf4 Rbb8 33. Rg3 Rg7
34. g5 hxg5 35. hxg5 Rbg8 36. Nxe7 Rxg5 37. Rxg5 Rxg5 38. Nxc6 Rh5 39. Na7 Ke6
40. Nb5 Rh2+ 41. Kg3 Rh7 42. Rf5 Rh8 43. Rd5 Rd8 44. Kf4 Rd7 45. Nxd6 Rc7 46.
Nb5 Rc8 47. Rd6+ Ke7 48. Kf5 Rf8 49. Rc6 1-0

[Event "Club 608-Franconville"]
[Site "Franconville"]
[Date "2008.03.16"]
[Round "9.7"]
[White "Mendeiros, Jerome"]
[Black "Eid, Maha"]
[Result "1-0"]
[WhiteElo "2134"]
[BlackElo "1925"]
[PlyCount "89"]
[EventDate "2008.03.16"]
[SourceDate "2007.10.24"]

1. e4 c5 2. Nf3 e6 3. d4 cxd4 4. Nxd4 a6 5. Nc3 b5 6. Bd3 Bb7 7. O-O Qc7 8. Re1
b4 9. Nce2 Nf6 10. Ng3 h5 11. h4 Bd6 12. Nf1 Ng4 13. Re2 Be7 14. Nf3 Nc6 15.
Bg5 Bxg5 16. Nxg5 Nd4 17. Rd2 Qf4 18. g3 Qf6 19. f3 Ne5 20. Nh2 Nec6 21. c3 Nb5
22. Bxb5 axb5 23. Rxd7 Nd8 24. Rc7 O-O 25. Qd4 Qxd4+ 26. cxd4 Bc6 27. Nf1 b3
28. a3 Ra4 29. Rd1 b4 30. axb4 Rxb4 31. Ne3 Bb5 32. d5 Ra4 33. Kf2 Ra2 34. Rd2
Ra1 35. Nd1 Re8 36. Nc3 Ba6 37. dxe6 f6 38. Rdd7 Nxe6 39. Nxe6 Rxe6 40. Rxg7+
Kf8 41. Rh7 Kg8 42. Rhd7 Kf8 43. Nd5 Bb5 44. Rh7 Kg8 45. Nf4 1-0

[Event "Club 608-Franconville"]
[Site "Franconville"]
[Date "2008.03.16"]
[Round "9.8"]
[White "Perrusset, Barbara"]
[Black "Mousset Evtouchenko, Nina"]
[Result "0-1"]
[WhiteElo "1871"]
[BlackElo "1835"]
[PlyCount "80"]
[EventDate "2008.03.16"]
[SourceDate "2007.10.24"]

1. d4 Nf6 2. c4 c5 3. d5 d6 4. Nf3 e6 5. Nc3 exd5 6. Nxd5 Nxd5 7. Qxd5 Be7 8.
e4 Nc6 9. Be2 Nb4 10. Qd1 Bf6 11. O-O O-O 12. Qb3 Re8 13. Bd3 Nxd3 14. Qxd3 b6
15. Rb1 Bb7 16. Re1 Re6 17. Bf4 Qe7 18. Nd2 Rd8 19. Kf1 a6 20. a4 Re8 21. f3 g5
22. Bg3 h5 23. b3 h4 24. Bf2 Be5 25. Bg1 Rg6 26. h3 Qf6 27. b4 g4 28. hxg4 Rxg4
29. bxc5 dxc5 30. Qd7 Re6 31. Qxb7 h3 32. gxh3 Rxg1+ 33. Kxg1 Qg5+ 34. Kh1 Qxd2
35. Rg1+ Kf8 36. Qc8+ Ke7 37. Qb7+ Kf6 38. Rg2 Qd3 39. Rxb6 Qf1+ 40. Rg1 Qxh3#
0-1

[Event "JEEN-Le Touquet"]
[Site "Franconville"]
[Date "2008.03.16"]
[Round "9.1"]
[White "Simon, Olivier"]
[Black "Roeder, Mathias"]
[Result "1/2-1/2"]
[WhiteElo "2383"]
[BlackElo "2461"]
[PlyCount "44"]
[EventDate "2008.03.16"]
[SourceDate "2007.10.24"]

1. e4 c5 2. Nf3 d6 3. Bb5+ Bd7 4. Bxd7+ Qxd7 5. O-O Nc6 6. Re1 Nf6 7. b3 g6 8.
Bb2 Bg7 9. d4 cxd4 10. Nxd4 Nh5 11. c4 Nf4 12. Na3 h5 13. f3 h4 14. Qd2 Ne5 15.
Bc3 Bh6 16. Qd1 Nfd3 17. Re2 f5 18. Nac2 Nf4 19. Re1 Nfd3 20. Re2 Nf4 21. Re1
Nfd3 22. Re2 Nf4 1/2-1/2

[Event "JEEN-Le Touquet"]
[Site "Franconville"]
[Date "2008.03.16"]
[Round "9.2"]
[White "Maitesian, Sergei"]
[Black "Mehaibia, Azzedine"]
[Result "1-0"]
[WhiteElo "2284"]
[BlackElo "2196"]
[PlyCount "78"]
[EventDate "2008.03.16"]
[SourceDate "2007.10.24"]

1. e4 c5 2. d3 d6 3. g3 g6 4. Bg2 Bg7 5. f4 e6 6. Nf3 Nc6 7. O-O Nge7 8. c3 O-O
9. Be3 b6 10. Re1 Bb7 11. d4 Rc8 12. a3 cxd4 13. cxd4 Na5 14. Nbd2 d5 15. e5
Nc4 16. Qb3 Nxe3 17. Rxe3 Nc6 18. Rc3 Na5 19. Rxc8 Qxc8 20. Qd1 Qd7 21. Rc1 Rc8
22. Rc2 b5 23. b4 Nc4 24. Nb3 Bf8 25. Qc1 Rc6 26. Rc3 a5 27. Nxa5 Nxa5 28. bxa5
Qc7 29. Rxc6 Qxc6 30. Qxc6 Bxc6 31. Bf1 Bxa3 32. Nd2 Kf8 33. Nb3 Ke7 34. a6 b4
35. a7 Kd8 36. Bb5 Ba8 37. Kf2 Bb2 38. Ke3 Bb7 39. Na5 Kc7 1-0

[Event "JEEN-Le Touquet"]
[Site "Franconville"]
[Date "2008.03.16"]
[Round "9.3"]
[White "Yordanov, Nikolay"]
[Black "Therkildsen, Thomas"]
[Result "0-1"]
[WhiteElo "2181"]
[BlackElo "2322"]
[PlyCount "70"]
[EventDate "2008.03.16"]
[SourceDate "2007.10.24"]

1. e4 Nf6 2. d3 d5 3. e5 Nfd7 4. f4 c5 5. Nf3 Nc6 6. Be2 e6 7. O-O Be7 8. c3
O-O 9. Be3 f6 10. d4 Rb8 11. Nbd2 b5 12. Bd3 f5 13. g4 g6 14. h4 b4 15. Ng5
Bxg5 16. fxg5 bxc3 17. bxc3 Qa5 18. Rc1 cxd4 19. cxd4 Nb4 20. Bb1 Ba6 21. Rf2
Qb6 22. gxf5 exf5 23. Qf3 f4 24. Bxf4 Qxd4 25. Nb3 Qb6 26. Qe3 Qe6 27. Nd4 Qg4+
28. Bg3 Rxf2 29. Kxf2 Rf8+ 30. Kg2 Nb6 31. Nf3 Nc4 32. Rxc4 Bxc4 33. e6 d4 34.
Nxd4 Bd5+ 35. Kg1 Qh3 0-1

[Event "JEEN-Le Touquet"]
[Site "Franconville"]
[Date "2008.03.16"]
[Round "9.4"]
[White "Flament, Frederic"]
[Black "Marin, Sebastien"]
[Result "0-1"]
[WhiteElo "2142"]
[BlackElo "2175"]
[PlyCount "122"]
[EventDate "2008.03.16"]
[SourceDate "2007.10.24"]

1. d4 Nf6 2. Nf3 g6 3. Bf4 Bg7 4. c4 O-O 5. Nc3 c5 6. e3 cxd4 7. exd4 d5 8. c5
Nc6 9. Be2 Ne4 10. O-O Bg4 11. Qb3 Bxf3 12. Bxf3 Nxd4 13. Qxb7 Nxf3+ 14. gxf3
Nxc5 15. Qxd5 Nd3 16. Bc7 Qxc7 17. Qxd3 Rfd8 18. Qc2 Be5 19. Kg2 Rd4 20. Rad1
Rad8 21. Rxd4 Rxd4 22. Rd1 Rh4 23. h3 Qc8 24. Rh1 Rc4 25. Qe2 Bxc3 26. bxc3 e6
27. Qe5 Rc5 28. Qf6 Rf5 29. Qd4 Qc6 30. Qd8+ Kg7 31. Qd4+ Rf6 32. Qe4 Qxc3 33.
Rd1 Qa5 34. Qc4 h5 35. h4 Qf5 36. Rd3 Qf4 37. Qxf4 Rxf4 38. Ra3 Rxh4 39. Rxa7
Rb4 40. a4 g5 41. a5 Ra4 42. a6 Kg6 43. Ra8 Kf5 44. Ra7 Kf6 45. Ra8 Ra3 46. Ra7
h4 47. Ra8 Kf5 48. Ra7 f6 49. Ra8 Kf4 50. a7 f5 51. Re8 Rxa7 52. Rxe6 h3+ 53.
Kg1 Kxf3 54. Re3+ Kg4 55. Kh2 Ra2 56. Rg3+ Kf4 57. Rxh3 Rxf2+ 58. Kg1 Ra2 59.
Rb3 g4 60. Rb4+ Kg5 61. Rb8 f4 0-1

[Event "JEEN-Le Touquet"]
[Site "Franconville"]
[Date "2008.03.16"]
[Round "9.5"]
[White "Regoli, Stephane"]
[Black "Kieffer, Christian"]
[Result "1/2-1/2"]
[WhiteElo "2218"]
[BlackElo "2185"]
[PlyCount "92"]
[EventDate "2008.03.16"]
[SourceDate "2007.10.24"]

1. e4 c5 2. Nc3 e5 3. g3 Nc6 4. Bg2 g6 5. d3 Bg7 6. Be3 b6 7. Qd2 d6 8. f4 exf4
9. Bxf4 Nge7 10. Nf3 O-O 11. O-O Bb7 12. Rae1 Ne5 13. Bg5 f6 14. Bh6 N7c6 15.
Bxg7 Kxg7 16. Nxe5 dxe5 17. Rf2 Nd4 18. Ref1 Qd6 19. Bh3 Rad8 20. Nd1 Bxe4 21.
Ne3 Ne6 22. dxe4 Qxd2 23. Rxd2 Rxd2 24. Bxe6 Re2 25. Rf3 h5 26. Bc4 Rd2 27. Rf2
Rd4 28. Bd5 Rd8 29. c4 a6 30. g4 hxg4 31. Nxg4 Rd6 32. h4 b5 33. b3 bxc4 34.
bxc4 Rb6 35. Kg2 Rd1 36. Ne3 Re1 37. Kf3 Rh1 38. Rg2 Rh3+ 39. Rg3 Rxg3+ 40.
Kxg3 Rb2 41. a4 Rb3 42. Kf2 Rb2+ 43. Kf3 Rh2 44. Kg3 Ra2 45. Bc6 Ra3 46. Kf2
Ra2+ 1/2-1/2

[Event "JEEN-Le Touquet"]
[Site "Franconville"]
[Date "2008.03.16"]
[Round "9.6"]
[White "Durpaire, Andre"]
[Black "Maillot, Fabien"]
[Result "1-0"]
[WhiteElo "1997"]
[BlackElo "2033"]
[PlyCount "79"]
[EventDate "2008.03.16"]
[SourceDate "2007.10.24"]

1. d4 Nf6 2. Nf3 g6 3. c4 Bg7 4. Nc3 O-O 5. e4 d6 6. h3 e5 7. dxe5 dxe5 8. Qxd8
Rxd8 9. Bg5 Re8 10. Be2 c6 11. O-O Nbd7 12. Rfe1 Nc5 13. Bf1 Ne6 14. Be3 Nh5
15. Rad1 f6 16. b4 Bf8 17. c5 b6 18. b5 Nxc5 19. bxc6 Be6 20. g4 Nf4 21. Bxf4
exf4 22. Nd5 Bxd5 23. exd5 Bd6 24. Nd4 Rxe1 25. Rxe1 Be5 26. Nf3 Bd6 27. Nd4
Be5 28. Nf3 Bd6 29. Nd2 Rd8 30. Nc4 Bb8 31. d6 Kf8 32. c7 Bxc7 33. dxc7 Rc8 34.
Nd6 Rxc7 35. Re8+ Kg7 36. Bc4 h5 37. gxh5 gxh5 38. Rg8+ Kh7 39. Rg2 Rd7 40.
Bg8+ 1-0

[Event "JEEN-Le Touquet"]
[Site "Franconville"]
[Date "2008.03.16"]
[Round "9.7"]
[White "Selvi, Laurent"]
[Black "Miotti, David"]
[Result "1-0"]
[WhiteElo "2046"]
[BlackElo "1480"]
[PlyCount "37"]
[EventDate "2008.03.16"]
[SourceDate "2007.10.24"]

1. d4 Nf6 2. c4 e6 3. Nc3 Bb4 4. Qc2 c5 5. dxc5 Bxc5 6. Nf3 Nc6 7. Bg5 O-O 8.
e3 b6 9. a3 Ba6 10. b4 Bxb4 11. axb4 Nxb4 12. Qb2 Qc7 13. Ra4 Nc6 14. Ne4 Rfc8
15. Bxf6 gxf6 16. Nxf6+ Kf8 17. Nxh7+ Kg8 18. Nf6+ Kf8 19. Nd5 1-0

[Event "JEEN-Le Touquet"]
[Site "Franconville"]
[Date "2008.03.16"]
[Round "9.8"]
[White "Galaczy, Marie"]
[Black "Gatine, Aurelia"]
[Result "0-1"]
[WhiteElo "1430"]
[BlackElo "2022"]
[PlyCount "64"]
[EventDate "2008.03.16"]
[SourceDate "2007.10.24"]

1. e4 c5 2. Nf3 d6 3. d4 cxd4 4. Nxd4 Nf6 5. Bd3 Nc6 6. c3 g6 7. Nd2 Bg7 8. Bb5
Qc7 9. O-O O-O 10. h3 e5 11. N4f3 a6 12. Bd3 Nh5 13. b4 Nf4 14. Bc4 b5 15. Bb3
Kh8 16. Qc2 f5 17. Nh2 g5 18. Ndf3 g4 19. Bxf4 exf4 20. Nh4 gxh3 21. f3 Qe7 22.
Nxf5 Bxf5 23. exf5 hxg2 24. Qxg2 Rxf5 25. Rae1 Qh4 26. Ng4 Ne5 27. Qh2 Nxf3+
28. Rxf3 Qxe1+ 29. Rf1 Qxc3 30. Be6 Qd4+ 31. Kh1 Qe4+ 32. Qg2 Rh5+ 0-1

[Event "Henin Beaumont-Rueil Malmaison"]
[Site "Henin Beaumont"]
[Date "2008.03.16"]
[Round "9.1"]
[White "Petitcunot, Pierre"]
[Black "Williams, Simon"]
[Result "0-1"]
[WhiteElo "2389"]
[BlackElo "2482"]
[PlyCount "96"]
[EventDate "2008.03.16"]
[SourceDate "2007.10.24"]

1. e4 c5 2. Nf3 Nc6 3. d4 cxd4 4. Nxd4 Nf6 5. Nc3 d6 6. Be2 e5 7. Nf3 h6 8. O-O
Be6 9. Re1 Be7 10. Bf1 O-O 11. a4 Rc8 12. b3 d5 13. exd5 Nxd5 14. Nxd5 Qxd5 15.
Bb2 Qxd1 16. Raxd1 f6 17. Nd2 Na5 18. Bd3 Kf7 19. Nf1 Bb4 20. Re4 Bc3 21. Bxc3
Rxc3 22. Re3 Rc7 23. Rde1 g5 24. Be4 Nc6 25. Bxc6 Rxc6 26. c4 Rd8 27. Ng3 a5
28. f3 b6 29. Ne4 Bf5 30. Nc3 Rcd6 31. Kf2 Bd7 32. Ne4 Rd4 33. c5 bxc5 34. Rc1
Rc8 35. Rec3 Bf5 36. Nxc5 Rd2+ 37. Kg1 g4 38. fxg4 Bxg4 39. Nb7 Rd1+ 40. Rxd1
Rxc3 41. Rb1 Bf5 42. Rb2 e4 43. Kf2 e3+ 44. Kf3 Bc2 45. Ke2 f5 46. g3 f4 47.
gxf4 Bg6 48. Kf1 Bd3+ 0-1

[Event "Henin Beaumont-Rueil Malmaison"]
[Site "Henin Beaumont"]
[Date "2008.03.16"]
[Round "9.2"]
[White "Bratanov, Jivko"]
[Black "Friess, Nicolas"]
[Result "1-0"]
[WhiteElo "2451"]
[BlackElo "2202"]
[PlyCount "63"]
[EventDate "2008.03.16"]
[SourceDate "2007.10.24"]

1. d4 d5 2. c4 c6 3. Nf3 Nf6 4. Nc3 a6 5. cxd5 cxd5 6. Bg5 Ne4 7. Bh4 Nc6 8. e3
Qa5 9. Qb3 Nxc3 10. bxc3 Bf5 11. Rc1 Rc8 12. Be2 b5 13. O-O e6 14. a4 bxa4 15.
Qb7 Rc7 16. Qa8+ Kd7 17. Bg3 Rc8 18. Qb7+ Rc7 19. Bxc7 Qxc7 20. Qxa6 Ba3 21.
Bb5 f6 22. c4 Bxc1 23. Rxc1 Bd3 24. cxd5 Bxb5 25. dxc6+ Bxc6 26. d5 exd5 27.
Nd4 Ra8 28. Qd3 a3 29. Ne6 a2 30. Qxd5+ Kc8 31. Nxc7 Kb8 32. Qg8+ 1-0

[Event "Henin Beaumont-Rueil Malmaison"]
[Site "Henin Beaumont"]
[Date "2008.03.16"]
[Round "9.3"]
[White "Rouze, Xavier"]
[Black "Pein, Malcolm"]
[Result "0-1"]
[WhiteElo "2060"]
[BlackElo "2393"]
[PlyCount "70"]
[EventDate "2008.03.16"]
[SourceDate "2007.10.24"]

1. Nf3 c5 2. c4 Nc6 3. Nc3 g6 4. g3 Bg7 5. Bg2 d6 6. O-O e5 7. d3 Nge7 8. e4
O-O 9. Be3 Nd4 10. Ne1 Rb8 11. Qd2 a6 12. Bh6 b5 13. Bxg7 Kxg7 14. f4 Qa5 15.
Nf3 f6 16. fxe5 dxe5 17. Nxe5 fxe5 18. Rxf8 Kxf8 19. Qf2+ Kg8 20. Rf1 Be6 21.
Qf6 Qd8 22. cxb5 axb5 23. Bh3 Qd7 24. Qxe5 Qe8 25. Qf6 Nec6 26. Bg2 Qe7 27. Nd5
Qxf6 28. Rxf6 Rf8 29. Rxf8+ Kxf8 30. Nc3 Nb4 31. b3 Nxd3 32. a4 b4 33. Nb5 Nxb3
34. Bf1 c4 35. Nc7 Ke7 0-1

[Event "Henin Beaumont-Rueil Malmaison"]
[Site "Henin Beaumont"]
[Date "2008.03.16"]
[Round "9.4"]
[White "Pira, Davoud"]
[Black "Van Rompu, Alexandre"]
[Result "0-1"]
[WhiteElo "2406"]
[BlackElo "2112"]
[PlyCount "76"]
[EventDate "2008.03.16"]
[SourceDate "2007.10.24"]

1. d4 d5 2. c4 c6 3. cxd5 cxd5 4. Nc3 Nf6 5. Bf4 Nc6 6. e3 e6 7. Bd3 Bd6 8. Bg3
O-O 9. Nf3 Re8 10. Ne5 Bxe5 11. dxe5 Nd7 12. f4 Qb6 13. O-O Qxe3+ 14. Kh1 a6
15. Rf3 Qc5 16. Bf2 Qe7 17. Rh3 f5 18. g4 Qf7 19. gxf5 exf5 20. Be2 Nf8 21.
Nxd5 Be6 22. Rd3 Rad8 23. Bf3 Ng6 24. Bg3 Rd7 25. Qd2 Red8 26. Rd1 Kh8 27. Bf2
Ngxe5 28. fxe5 Nxe5 29. Qa5 Nxd3 30. Rxd3 h6 31. Bh4 Rxd5 32. Rxd5 Rxd5 33.
Bxd5 Bxd5+ 34. Kg1 Qg6+ 35. Bg3 Qc6 36. a3 Qc1+ 37. Qe1 Qxb2 38. Be5 Qg2# 0-1

[Event "Henin Beaumont-Rueil Malmaison"]
[Site "Henin Beaumont"]
[Date "2008.03.16"]
[Round "9.5"]
[White "Deschin, Pierre Antoine"]
[Black "Bafounta, Denis"]
[Result "1/2-1/2"]
[WhiteElo "2055"]
[BlackElo "2317"]
[PlyCount "121"]
[EventDate "2008.03.16"]
[SourceDate "2007.10.24"]

1. Nf3 d5 2. c4 e6 3. g3 Nf6 4. Bg2 Be7 5. O-O O-O 6. d4 dxc4 7. Ne5 Nc6 8.
Bxc6 bxc6 9. Nxc6 Qe8 10. Nxe7+ Qxe7 11. Qa4 c5 12. Qxc4 cxd4 13. Qxd4 e5 14.
Qh4 Qe6 15. Nc3 Bb7 16. e4 h6 17. h3 Rac8 18. Be3 Rc4 19. f3 a5 20. g4 Ba6 21.
Rfd1 Rb8 22. Qf2 h5 23. Rd2 Rcc8 24. Rad1 Bc4 25. Rd6 Qe8 26. Qd2 Qf8 27. b3
Be6 28. Na4 hxg4 29. hxg4 Bxg4 30. Rxf6 gxf6 31. fxg4 Qg7 32. Qe2 Qg6 33. Bc5
Rc6 34. Kf2 Kg7 35. Rh1 Rbc8 36. Qe3 Rd8 37. Kf3 Rcc8 38. Qe2 Rh8 39. Rxh8 Rxh8
40. Qg2 Rd8 41. Bb6 Rd1 42. Ke2 Ra1 43. Nc3 Qh6 44. Be3 Qh4 45. g5 f5 46. exf5
Re1+ 47. Kd3 Rxe3+ 48. Kxe3 Qd4+ 49. Ke2 Qxc3 50. Qe4 Qb2+ 51. Kf3 Qa1 52. f6+
Kh8 53. Qh4+ Kg8 54. Qh6 Qc3+ 55. Ke2 Qc2+ 56. Ke3 Qc3+ 57. Kf2 Qd2+ 58. Kf3
Qd3+ 59. Kf2 Qd2+ 60. Kf1 Qd1+ 61. Kf2 1/2-1/2

[Event "Henin Beaumont-Rueil Malmaison"]
[Site "Henin Beaumont"]
[Date "2008.03.16"]
[Round "9.6"]
[White "Kirszenberg, Marc"]
[Black "Masztalir, Matthieu"]
[Result "1-0"]
[WhiteElo "2216"]
[BlackElo "1987"]
[PlyCount "85"]
[EventDate "2008.03.16"]
[SourceDate "2007.10.24"]

1. d4 Nf6 2. c4 e6 3. Nc3 Bb4 4. f3 d5 5. a3 Bxc3+ 6. bxc3 O-O 7. cxd5 exd5 8.
e3 c5 9. Bd3 Re8 10. Ne2 Nc6 11. O-O Bd7 12. Ng3 Rc8 13. Re1 h6 14. Bb2 cxd4
15. cxd4 Na5 16. e4 Nc4 17. Rb1 Qa5 18. e5 Nh7 19. f4 b6 20. f5 Nxb2 21. Rxb2
Qc3 22. Rf2 Ba4 23. Qb1 Qb3 24. f6 Qxb1 25. Bxb1 Nxf6 26. Nf5 Rc3 27. Nd6 Re7
28. Ref1 Ng4 29. Rxf7 Rxf7 30. Rxf7 Rc1+ 31. Rf1 Rxf1+ 32. Kxf1 Nxh2+ 33. Ke2
Bd7 34. Ba2 Be6 35. Nb5 a5 36. Nc7 Bc8 37. Bxd5+ Kf8 38. Bc4 Ng4 39. Nd5 Be6
40. Nxb6 Ke7 41. Kf3 h5 42. Kf4 Bd7 43. Be2 1-0

[Event "Henin Beaumont-Rueil Malmaison"]
[Site "Henin Beaumont"]
[Date "2008.03.16"]
[Round "9.7"]
[White "Sion, Philippe"]
[Black "Gouanelle, Franck"]
[Result "1/2-1/2"]
[WhiteElo "2000"]
[BlackElo "2131"]
[PlyCount "88"]
[EventDate "2008.03.16"]
[SourceDate "2007.10.24"]

1. c4 e5 2. Nc3 Bb4 3. Nf3 Bxc3 4. bxc3 Nc6 5. g3 Nf6 6. Bg2 d6 7. O-O O-O 8.
d3 h6 9. Rb1 Rb8 10. Nd2 Be6 11. Qa4 Bd7 12. Qc2 Qc8 13. Re1 Nh7 14. Ba3 b6 15.
d4 exd4 16. cxd4 Nxd4 17. Qc3 Ne6 18. Bb2 Qe8 19. f4 f6 20. e4 Bc6 21. Nf1 Rf7
22. Ne3 Nc5 23. Qd4 Nf8 24. Nd5 Bxd5 25. cxd5 Re7 26. Re2 Qh5 27. Rbe1 Rbe8 28.
Re3 Nfd7 29. h3 Kf8 30. Kh2 Qf7 31. g4 g5 32. fxg5 hxg5 33. Rf1 Ne5 34. Bc1 Kg8
35. Kg1 Rf8 36. Ra3 a5 37. Bxg5 fxg5 38. Rxf7 Rexf7 39. h4 gxh4 40. Rh3 Ng6 41.
Qe3 Nd7 42. Qg5 Kh7 43. Qh5+ Kg7 44. Qg5 Kh7 1/2-1/2

[Event "Henin Beaumont-Rueil Malmaison"]
[Site "Henin Beaumont"]
[Date "2008.03.16"]
[Round "9.8"]
[White "Wilson, Alexandra"]
[Black "Belafkih, Kimia"]
[Result "1-0"]
[WhiteElo "2070"]
[BlackElo "1430"]
[PlyCount "25"]
[EventDate "2008.03.16"]
[SourceDate "2007.10.24"]

1. e4 e5 2. Nf3 Nc6 3. Bb5 d6 4. h3 Nf6 5. O-O a6 6. Ba4 Bd7 7. Re1 g6 8. c3
Bg7 9. d4 exd4 10. cxd4 O-O 11. Nc3 Re8 12. Bg5 h6 13. Bh4 1-0

[Event "Issy les Moulineaux-Lille"]
[Site "Henin Beaumont"]
[Date "2008.03.16"]
[Round "9.1"]
[White "Roser, Kevin"]
[Black "Cappon, John"]
[Result "1-0"]
[WhiteElo "2402"]
[BlackElo "2215"]
[PlyCount "67"]
[EventDate "2008.03.16"]
[SourceDate "2007.10.24"]

1. e4 c5 2. Nf3 e6 3. d4 cxd4 4. Nxd4 a6 5. c4 Nf6 6. Nc3 Qc7 7. a3 Nc6 8. Be3
Be7 9. Be2 d6 10. Rc1 Ne5 11. O-O b6 12. b4 O-O 13. f3 Re8 14. Kh1 Bf8 15. Qd2
Bb7 16. Rc2 Rac8 17. Na4 Ned7 18. Rb1 e5 19. Nf5 d5 20. Nxb6 Nxb6 21. Bxb6 Qxb6
22. exd5 e4 23. Rd1 Qd8 24. Qg5 Kh8 25. fxe4 Rxe4 26. Bd3 Re5 27. Qg3 Qe8 28.
Rcc1 a5 29. Re1 Ne4 30. Qf4 axb4 31. axb4 Bxd5 32. cxd5 Rxc1 33. Rxc1 Bxb4 34.
Qxe5 1-0

[Event "Issy les Moulineaux-Lille"]
[Site "Henin Beaumont"]
[Date "2008.03.16"]
[Round "9.2"]
[White "Bouhallel, Rabah"]
[Black "Piankov, Evgieny"]
[Result "0-1"]
[WhiteElo "2287"]
[BlackElo "2348"]
[PlyCount "78"]
[EventDate "2008.03.16"]
[SourceDate "2007.10.24"]

1. e4 g6 2. d4 Bg7 3. Nc3 c6 4. Nf3 d5 5. h3 Nf6 6. e5 Ne4 7. Bd3 Nxc3 8. bxc3
c5 9. dxc5 Nc6 10. Bb5 O-O 11. Bxc6 bxc6 12. O-O Qa5 13. Qd4 Bf5 14. Bg5 f6 15.
exf6 exf6 16. Bf4 Bxc2 17. Bd6 Rfe8 18. Qd2 Ba4 19. Rfe1 Re4 20. Rxe4 dxe4 21.
Nd4 Qa6 22. Qb2 Re8 23. Re1 f5 24. Qb4 Bb5 25. a4 Bd3 26. Qb3+ Bc4 27. Qb4 Bd5
28. Rb1 Qd3 29. Re1 Qd2 30. Re3 Qd1+ 31. Kh2 Qf1 32. Qb7 Qxf2 33. Qd7 Bf7 34.
Re2 Qf1 35. Rb2 Qc4 36. Nxc6 Bf6 37. Rb7 e3 38. Bg3 f4 39. Be1 f3 0-1

[Event "Issy les Moulineaux-Lille"]
[Site "Henin Beaumont"]
[Date "2008.03.16"]
[Round "9.3"]
[White "Wittmann, Marc"]
[Black "Roger, Mehdi"]
[Result "1/2-1/2"]
[WhiteElo "2253"]
[BlackElo "2199"]
[PlyCount "68"]
[EventDate "2008.03.16"]
[SourceDate "2007.10.24"]

1. e4 e6 2. Nf3 d5 3. e5 c5 4. b4 cxb4 5. a3 Nc6 6. axb4 Bxb4 7. c3 Be7 8. d4
f6 9. Bd3 fxe5 10. dxe5 Nh6 11. Bxh6 gxh6 12. Na3 Bxa3 13. Rxa3 Qe7 14. Ra4 Bd7
15. O-O Qg7 16. Re1 Rg8 17. g3 O-O-O 18. c4 Be8 19. cxd5 Rxd5 20. Qc2 Bg6 21.
Nd4 Bxd3 22. Qxd3 Nxd4 23. Rxd4 Rgd8 24. Qc3+ Kb8 25. Rxd5 Rxd5 26. f4 Qc7 27.
Qe3 Qc2 28. Re2 Rd1+ 29. Kg2 Qb1 30. Qc5 Qd3 31. Qf8+ Kc7 32. Qe7+ Kb8 33. Qe8+
Kc7 34. Qe7+ Kb8 1/2-1/2